Регионална библиотека "Любен Каравелов" - Русе

Кръговата тренировка при развиване на физическите качества (Запис номер 182255)

MARC детайли
000 -Лидер
Контролно поле с фиксирана дължина 01538nam a2200337 c 4500
003 - Код на организацията, давaща контролен номер
Контролно поле BLK
005 - Дата и час на последна редакция
Контролно поле 20221015154838.0
008 - Елементи от данни с фиксирана дължина
fixed length control field 180411b bul|||||r ||||||| ||bul||
010 ## - Наследен системен номер
LC control number KNG00191178000
040 ## - Източник на каталожния запис
Идентификатор на билиотеката - собственик на записа BLK
041 ## - Код за език
Код за езика на текст/звукозапис или на отделно заглавие Български
Код за езика КДБФ Български
080 ## - УДК
Текстов определител УДК Методика. Спортни тренировки. Спортни резултати
УДК код - определител по УДК 796.015
УДК определител (072)
УДК - код + определител 796.015(072)
100 1# - Редна дума - Автор
Автор Гуревич, Йосиф Александрович
Авторска отговорност първи автор
R(LIN) 342868
139 ## - Редно поле
Редна дума Гуревич, Йосиф Александрович
Авторски знак Гур - Г 93
245 10 - Сведения за заглавието
Заглавие Кръговата тренировка при развиване на физическите качества
Подзаглавни данни Метод. ръководство
Редно поле (дума) Йосиф Александрович Гуревич; прев. от рус. Васил Радулов.
257 ## - Страна на издаване
Страна на създаване/издаване СССР
260 ## - Област на издателските данни
Име на издателя, разпространителя и проч. Медицина и физкултура
Година на издаване 1989
Място на издаване, разпространение и проч. София
300 ## - Физическа характеристика
Страници 244 с.
Илюстрации и др. с ил.
Размери/Мащаб 27 см
380 ## - Жанр
Жанр 793/799 Спорт
500 ## - Общи забележки
Забележка Ориг. загл. Круговая тренировка при развитии физических качеств.
650 #4 - Допълнително описание по предмет – тема
Основно описание – тема или топоним Спортна тренировка
9 (RLIN) 282573
650 #4 - Допълнително описание по предмет – тема
Основно описание – тема или топоним Физическа култура
9 (RLIN) 297175
653 ## - Ключова дума – ненормативна
Ключова дума спортни тренировки
653 ## - Ключова дума – ненормативна
Ключова дума спорт
700 1# - Други автори (авторска отговорност)
Лично име Радулов, Васил
Автороска отговорност (Описва отношението между автора и произведението) прев. от рус.
9 (RLIN) 383271
852 ## - Местоположение
Форматна сигнатура Цб ІІ 7420
856 4# - Електронен адрес и достъп
Електронен формат pdf - файл
856 4# - Електронен адрес и достъп
Електронен формат pdf - файл
999 ## - СИСТЕМНИ КОНТРОЛНИ НОМЕРА
Koha biblionumber 182255
Koha biblioitemnumber 182255
942 ## - АРТИКУЛИ
Вид на библиотечния материал Книги
Скрит в OPAC Не
Koha issues (borrowed), all copies 4
Периодичен библиозапис Да
944 ## - СЪЗДАВАНЕ И РЕДАКЦИЯ на ЗАПИСА
Създаване/Редакция Създаване
Дата на регистрацията/редакция 30.09.2016
Служител, извършил регистрацията/редакцията Камелия_Данева
944 ## - СЪЗДАВАНЕ И РЕДАКЦИЯ на ЗАПИСА
Създаване/Редакция Редакция
Дата на регистрацията/редакция 30.09.2016
Служител, извършил регистрацията/редакцията Камелия_Данева
999 ## - СИСТЕМНИ КОНТРОЛНИ НОМЕРА
Koha biblioitemnumber 182255
Наличности
Код за отписване Код за изгубен артикул Източник на класификационната схема Код за повреда Коз за рестрикции Код за отдаване Артикулен № Име на библиотеката - собственик Име на библиотеката, в която се намира в момента Статус (Текущо местоположение) Дата на вписване в системата Местоположение - отдел Цена в лева Инвентарен номер Систематично азбучна сигнатура Баркод Номер на екземпляра Цена в евро Служебна бележка Служебен тип на артикула
  Не е изгубен Universal Decimal Classification Не е повреден без рестрикции ползва се в читалня 312737 Регионална библиотека "Любен Каравелов" Русе Регионална библиотека "Любен Каравелов" Русе Хранилище 1989-01-01 Хранилище 2.96 527659 Цб ІІ 7420 120000527659 1 1.51 N: старт фонд Дата: 01.01.1989 Книги
  Не е изгубен Universal Decimal Classification Не е повреден без рестрикции заемане за дома 312738 Регионална библиотека "Любен Каравелов" Русе Регионална библиотека "Любен Каравелов" Русе Заемна - подръчен фонд 1989-01-01 Заемна - подръчен фонд 2.96 534759 П 796/Г 93 120000534759 2 1.51 N: стар фонд Дата: 01.01.1989 Дата инв: 08.02.2018 Бележки инв: П2018 Книги
Vip Innovations Ltd, Rousse, Bulgaria 2025